Sports Quiz

Random Sports Quiz

Rafa Benitez Signings For Liverpool Quiz Stats

Quiz not verified by Sporcle

Challenge
Share
Tweet
Embed
Score 0/58 Timer 20:00
0 Plays Today
Season Player % Correct
2004/05Xabi Alonso
94.4%
2007/08Fernando Torres
92.5%
2005/06Pepe Reina
85.1%
2006/07Dirk Kuyt
84.3%
2007/08Ryan Babel
81.3%
2005/06Daniel Agger
81%
2004/05Luis Garcia
79.9%
2009/10Glen Johnson
78%
2007/08Lucas
77.6%
2007/08Martin Skrtel
77.6%
2005/06Peter Crouch
76.9%
2007/08Javier Mascherano
70.9%
2007/08Yossi Benayoun
70.1%
2008/09David Ngog
68.3%
2008/09Robbie Keane
67.9%
2004/05Fernando Morientes
67.5%
2009/10Alberto Aquilani
67.2%
2006/07Fabio Aurelio
66.4%
2009/10Jonjo Shelvey
64.2%
2004/05Antonio Nunez
62.7%
2006/07Alvaro Arbeloa
62.7%
2004/05Josemi
61.2%
2006/07Craig Bellamy
60.8%
2008/09Albert Riera
60.8%
2009/10Maxi Rodriguez
60.1%
2007/08Emiliano Insua
59.3%
2007/08Mikel San Jose
58.6%
2006/07Jermaine Pennant
57.5%
2008/09Andrea Dossena
53%
Season Player % Correct
2005/06Robbie Fowler
51.5%
2005/06Momo Sissoko
50.4%
2009/10Sotirios Kyrgiakos
49.6%
2007/08Andriy Voronin
49.3%
2005/06Mark Gonzalez
44.4%
2007/08Krisztian Nemeth
43.3%
2004/05Scott Carson
42.9%
2008/09Philipp Degen
41%
2005/06Jan Kromkamp
40.7%
2004/05Mauricio Pellegrino
39.2%
2008/09Diego Cavalieri
38.1%
2005/06Bolo Zenden
34.7%
2007/08Charles Itandje
34.3%
2006/07Gabriel Paletta
33.6%
2005/06Jack Hobbs
31%
2007/08Sebastian Leto
29.9%
2007/08Daniel Ayala
27.6%
2007/08Damien Plessis
23.9%
2005/06Paul Anderson
20.5%
2005/06Antonio Barragan
20.1%
2005/06David Martin
18.7%
2007/08Andras Simon
17.5%
2006/07Jordy Brouwer
14.6%
2006/07Nabil El Zhar
14.2%
2005/06Miki Roque
11.9%
2005/06Besian Idrizaj
11.2%
2005/06Godwin Antwi
9%
2006/07Francisco Duran
5.6%
2006/07Astrit Ajdarevic
3.7%

You're not logged in!

Compare scores with friends on all Sporcle quizzes.
Sign Up with Email
OR
Log In

You Might Also Like...

Show Comments

Extras

Top Quizzes Today


Score Distribution

Your Account Isn't Verified!

In order to create a playlist on Sporcle, you need to verify the email address you used during registration. Go to your Sporcle Settings to finish the process.